书目信息 |
| 题名: |
怎样撰写商务计划书
|
|
| 作者: | 文浩 编著 | |
| 分册: | ||
| 出版信息: | 北京 蓝天出版社 2003 |
|
| 页数: | 11,463页 | |
| 开本: | 21cm | |
| 丛书名: | ||
| 单 册: | ||
| 中图分类: | H152.3 | |
| 科图分类: | ||
| 主题词: | 商业计划--shang ye ji hua , 文书--wen shu , 商业计划--shang ye ji hua--文书--写作 , 写作--xie zuo | |
| 电子资源: | ||
| ISBN: | 7-80158-278-0 | |
| 000 | 00830nam0 2200253 450 | |
| 001 | CAL 012006063066 | |
| 005 | 20061114163059.07 | |
| 010 | @a7-80158-278-0@dCNY26.00 | |
| 100 | @a20061012d2003 em y0chiy0120 ea | |
| 101 | 0 | @achi |
| 102 | @aCN@b110000 | |
| 105 | @ay z 000yy | |
| 200 | 1 | @a怎样撰写商务计划书@Azen yang zhuan xie shang wu ji hua shu@f文浩编著 |
| 210 | @a北京@c蓝天出版社@d2003 | |
| 215 | @a11,463页@c表格@d21cm | |
| 330 | @a本书从三个方面(一、创业期商务计划书; 二、成长期商务计划书; 三、成熟期商务计划书)阐述了商务计划书写作方法和重要性。 | |
| 606 | 0 | @a商业计划@Ashang ye ji hua |
| 606 | 0 | @a文书@Awen shu |
| 606 | 0 | @a商业计划@Ashang ye ji hua@x文书@x写作 |
| 606 | 0 | @a写作@Axie zuo |
| 690 | @aH152.3@v4 | |
| 701 | 0 | @a文浩@Awen hao@4编著 |
| 801 | 0 | @aCN@c20061114 |
| 905 | @a10447@dH152.3@eW631 | |
| 怎样撰写商务计划书/文浩编著.-北京:蓝天出版社,2003 |
| 11,463页:表格;21cm |
| ISBN 7-80158-278-0:CNY26.00 |
| 本书从三个方面(一、创业期商务计划书; 二、成长期商务计划书; 三、成熟期商务计划书)阐述了商务计划书写作方法和重要性。 |
| ● |
| 相关链接 |
|
|
|
正题名:怎样撰写商务计划书
索取号:H152.3/W631
 
预约/预借
| 序号 | 登录号 | 条形码 | 馆藏地/架位号 | 状态 | 备注 |
| 1 | 637002 | 206370023 | 语言库209/209语言库 75排3列6层/ [索取号:H152.3/W631] | 在馆 | |
| 2 | 637003 | 206370032 | 语言库209/209语言库 75排3列6层/ [索取号:H152.3/W631] | 在馆 | |
| 3 | 637004 | 206370041 | 语言库209/209语言库 75排3列6层/ [索取号:H152.3/W631] | 在馆 |